Datum a čas kvízu
30.5
Celkem bodů
Celkový počet nahraných bodů na tomto kvízu bez doplňovacích otázek.
8.
Pořadí na kvízu
Konečné umístění týmu na tomto kvízu.
Zaznamenané odpovědi
| # | Otázka | Odpověď | Body | Výsledky |
|---|---|---|---|---|
| 1. | Prorektor Univerzity Karlovy ú... | Aleš Gerloch | 1 | |
| 2. | Máte doma v lednici Power Natu... | viagru, erekci | 0.5 | |
| 3. | Na první jarní den měla premié... | LOVEní | 1 | |
| 4. | Jak se nazývá inzertní platfor... | letgo | 1 | |
| 5. | Na programu ČT sport jsme mohl... | v Japonsku | 0 | |
| 6. | Dnešní cestovatelské téma se b... | Córdoba | 1 | |
| 7. | Jak se jmenuje velmi známý špa... | Luis Buñuel | 0 | |
| 8. | Ze hry Osvobozeného divadla Ru... | Sevilla (v Seville) | 0 | |
| 9. | Nad městem Granada se vypíná h... | Alhambra | 0 | |
| 10. | Na obrázku vidíte radnici v př... | Juan Carlos I. | 1 |